| 000 | 00721nam a22002057a 4500 | ||
|---|---|---|---|
| 005 | 20251108173412.0 | ||
| 008 | 250721s2002 xx 000 0 ara d | ||
| 082 | 1 | 4 | _a379.564/ جعف |
| 100 | 1 | _aالجعفري، محمود | |
| 245 | 1 | 0 | _aتمويل التعليم الجامعي الفلسطيني و سبل تعزيزه / |
| 246 | 1 | 1 | _afinancing palestinian university education prospects for improvement |
| 264 | 1 |
_aالقدس : _bمعهد أبحاث السياسات الإقتصادية الفلسطيني، _c2002. |
|
| 300 | _a139ص. | ||
| 650 | 1 | 7 | _aالتعلم |
| 650 | 1 | 7 | _aالجامعات |
| 650 | 1 | 7 | _aفلسطين |
| 700 | 1 | _aالعارضة، ناصر | |
| 942 |
_2ddc _cBK |
||
| 999 |
_c103024 _d103024 |
||